|
|
|
|
| LEADER |
00778nab a2200229 i 4500 |
| 001 |
publ18996 |
| 005 |
20200618143252.0 |
| 008 |
200618s2018 hu o 0|| zxx d |
| 022 |
|
|
|a 0030-6002
|
| 024 |
7 |
|
|a 10.1556/650.2018.31233
|2 doi
|
| 024 |
7 |
|
|a 30577207
|2 mtmt
|
| 040 |
|
|
|a SZTE Publicatio Repozitórium
|b hun
|
| 041 |
|
|
|a zxx
|
| 100 |
1 |
|
|a Seres László
|
| 245 |
1 |
0 |
|a Átmeneti kettős látás és szemizombénulás fogászati érzéstelenítést követően
|h [elektronikus dokumentum] /
|c Seres László
|
| 260 |
|
|
|c 2018
|
| 300 |
|
|
|a 2212-2216
|
| 490 |
0 |
|
|a ORVOSI HETILAP
|v 159 No. 52
|
| 700 |
0 |
1 |
|a Pethő Gyöngyi
|e aut
|
| 700 |
0 |
1 |
|a Pető Zoltán
|e aut
|
| 700 |
0 |
1 |
|a Pető Tünde
|e aut
|
| 856 |
4 |
0 |
|u http://publicatio.bibl.u-szeged.hu/18996/1/OH-52.Seres.pdf
|z Dokumentum-elérés
|